000 00470nam a2200181Ia 4500
003 LK-CoDNM
008 010623t1989 xxu||||| |||| 00| 1 sin d
040 _aLK-CoDNM
_dLK-CoDNM
_eLK-CoDNM
041 _asin
080 _a(x)78 WIJ
100 _aWijesinghe, Rathna Sri
245 _aවංකගිරිය අරණේ
246 _aVankagiriya aranee
260 _bAriya prakashakayo
_aWarakapola
_c1989
300 _b88, 19 cm
650 _aMusic
942 _cBK
999 _c114453
_d114453